000 00285nam a22001217a 4500
008 180117b xxu||||| |||| 00| 0 eng d
041 _aeng
080 _a94
100 _a16
101 _aHIS
245 _aDocuments of the american revolution 1770-1783
_cDavies,K.G
942 _2udc
_cBK
999 _c40424
_d40424